LEADER 01920nas 2200661-a 450 001 996201501303316 005 20240521182037.0 011 $a1872-7905 035 $a(DE-599)ZDB1500495-8 035 $a(OCoLC)39039338 035 $a(CKB)954925414914 035 $a(CONSER)--2008233334 035 $a(EXLCZ)99954925414914 100 $a19980430a19719999 s-- a 101 0 $aeng 135 $aurmnu|||||||| 181 $ctxt$2rdacontent 182 $cc$2rdamedia 183 $acr$2rdacarrier 200 10$aJournal of immunological methods 210 $aNetherlands $cNorth-Holland Pub. Co 300 $aRefereed/Peer-reviewed 311 $a0022-1759 517 1 $aJIM 531 $aJ IMMUNOL METHODS 531 $aJ IMMUNOL METHOD 531 $aJ IMMUNOL M 531 $aJ. IMMUNOL. METHODS 606 $aImmunology$vLaboratory manuals 606 $aImmunologic Techniques 606 $aAntibodies 606 $aAntigens 606 $aMedical Laboratory Science 606 $aAllergy and Immunology 606 $aAnticorps$vPériodiques 606 $aAntigènes$vPériodiques 606 $aImmunologie$xManuels de laboratoire$vPériodiques 606 $aTechnologie médicale$vPériodiques 606 $aImmunology$2fast$3(OCoLC)fst00968006 608 $aPeriodical 608 $aLaboratory manuals.$2fast 608 $aPeriodicals.$2fast 608 $aLaboratory manuals.$2lcgft 615 0$aImmunology 615 2$aImmunologic Techniques 615 2$aAntibodies 615 2$aAntigens 615 2$aMedical Laboratory Science 615 2$aAllergy and Immunology 615 6$aAnticorps 615 6$aAntigènes 615 6$aImmunologie$xManuels de laboratoire 615 6$aTechnologie médicale 615 7$aImmunology. 906 $aJOURNAL 912 $a996201501303316 996 $aJournal of immunological methods$9793953 997 $aUNISA LEADER 01125cam0 22003131 450 001 SOBE00084870 005 20251015114456.0 010 $a9788877707697 100 $a20251014d2007 |||||ita|0103 ba 101 $aita 102 $aIT 200 1 $aFisimario napoletano$fRuggero Guarini$g[prefazioni di Raffaele La Capria e di Francesco Durante] 210 $aMilano$cSpirali$d2007 215 $a437 p.$d22 cm 225 2 $aalingua$v250 410 1$1001LAEC00016431$12001 $aL'*alingua$v250 500 10$aFisimario napoletano$3SOBA00036104$94444330 700 1$aGuarini$b, Ruggero$3AF00023899$4070$0144499 702 1$aLa_Capria, Raffaele <1922-2022>$3AF00013970$4070 702 1$aDurante, Francesco <1952-2019>$3AF00005724$4070 801 0$aIT$bUNISOB$c20251015$gRICA 850 $aUNISOB 852 $aUNISOB$j853$m186231 912 $aSOBE00084870 940 $aM 102 Monografia moderna SBN 941 $aM 957 $a853$b001179$gSI$d186231$n20251014$_15$rAcquisto$tV$[15$1Spinosa$2UNISOB$3UNISOB$420251014142744.0$520251014142823.0$6Spinosa 996 $aFisimario napoletano$94444330 997 $aUNISOB